La constitución del ser humano como sujeto: teología de la liberación y pensamiento crítico.
Guardat en:
| Autor principal: | |
|---|---|
| Altres autors: | |
| Format: | Desconegut |
| Publicat: |
Bogotá, Colombia:
Pontificia Universidad Javeriana, Facultad de Teología,
2016.
|
| Col·lecció: | Colección Monografías y Tesis
|
| Matèries: | |
| Etiquetes: |
Afegir etiqueta
Sense etiquetes, Sigues el primer a etiquetar aquest registre!
|
MARC
| LEADER | 00000 a2200000 4500 | ||
|---|---|---|---|
| 003 | CL-VaPUC | ||
| 005 | 20230425163931.0 | ||
| 008 | 230410t2016 ||||| |||| 00| 0 eng d | ||
| 999 | |c 439725 |d 439723 | ||
| 020 | |a 978-958-716-908-9 | ||
| 040 | |c Pontificia Universidad Católica de Valparaíso | ||
| 082 | |a 230.0464 ANG 2016 | ||
| 100 | |a Angarita Sarmiento, Carlos Enrique |9 879314 |e autor | ||
| 245 | |a La constitución del ser humano como sujeto: |b teología de la liberación y pensamiento crítico. | ||
| 260 | |a Bogotá, Colombia: |b Pontificia Universidad Javeriana, Facultad de Teología, |c 2016. | ||
| 300 | |a 470 páginas. | ||
| 490 | |a Colección Monografías y Tesis |n 15. | ||
| 583 | |k GC |c 20230410 | ||
| 650 | 0 | |a Teología de la liberación |9 255471 | |
| 650 | 0 | |a Racionalismo |9 259116 | |
| 650 | 0 | |a Fetichismo |9 335109 | |
| 650 | 0 | |a Humanismo cristiano |9 257489 | |
| 650 | 0 | |a Iglesia y pobres |9 881338 | |
| 650 | 0 | |a Filosofía de la historia |9 265651 | |
| 700 | |a Hinkelammert, Franz |e prólogo |9 881339 | ||
| 942 | |2 ddc |c BK | ||
| 952 | |0 0 |1 0 |2 ddc |4 0 |6 230_046400000000000_ANG_2016 |7 0 |8 A |9 589528 |a BIBTEO |b BIBTEO |c GEN |d 2023-04-06 |e 178 |g 8859.05 |i 5657048 |o 230.0464 ANG 2016 |p 5657048 |r 2025-01-17 |t 1 |v 8859.05 |w 2023-04-06 |y BK |k ICR | ||